Eastern Utah Libraries Catalog: Duchesne, Heber, Roosevelt, & Vernal

The hoax (Record no. 265590)

MARC details
000 -LEADER
fixed length control field 05037ngm a2200961Ia 4500
001 - CONTROL NUMBER
control field ocn154041869
003 - CONTROL NUMBER IDENTIFIER
control field OCoLC
005 - DATE AND TIME OF LATEST TRANSACTION
control field 20200320181958.0
007 - PHYSICAL DESCRIPTION FIXED FIELD--GENERAL INFORMATION
fixed length control field vd cvaizq
008 - FIXED-LENGTH DATA ELEMENTS--GENERAL INFORMATION
fixed length control field 070709s2007 cau115 e vleng d
020 ## - INTERNATIONAL STANDARD BOOK NUMBER
International Standard Book Number 0788867709
020 ## - INTERNATIONAL STANDARD BOOK NUMBER
International Standard Book Number 9780788867705
020 ## - INTERNATIONAL STANDARD BOOK NUMBER
Terms of availability 17.95
024 1# - OTHER STANDARD IDENTIFIER
Standard number or code 786936702019
028 42 - PUBLISHER NUMBER
Publisher number 50339
Source Miramax Home Entertainment
035 ## - SYSTEM CONTROL NUMBER
System control number (OCoLC)154041869
040 ## - CATALOGING SOURCE
Original cataloging agency TEFMT
Transcribing agency TEFMT
Modifying agency TEF
-- BTCTA
-- MR0
-- WACOL
041 1# - LANGUAGE CODE
Language code of text/sound track or separate title eng
-- fre
Language code of summary or abstract/overprinted title or subtitle fre
-- spa
Language code of original and/or intermediate translations of text eng
043 ## - GEOGRAPHIC AREA CODE
Geographic area code n-us---
049 ## - LOCAL HOLDINGS (OCLC)
Holding library WACL
050 14 - LIBRARY OF CONGRESS CALL NUMBER
Classification number PN1995.9.C55
Item number H639 2007
082 04 - DEWEY DECIMAL CLASSIFICATION NUMBER
Classification number 791.43/72
Edition number 22
092 ## - LOCALLY ASSIGNED DEWEY CALL NUMBER (OCLC)
Classification number DVD
Item number Hoa
245 04 - TITLE STATEMENT
Title The hoax
Medium [videorecording] /
Statement of responsibility, etc Miramax Films and Bob Yari Productions and The Mark Gordon Company present a Hallström/Holleran production in association with City Entertainment ; a film by Lasse Hallström ; produced by Mark Gordon, Leslie Holleran, Joshua D. Maurer, Betsy Beers, Bob Yari ; screenplay by William Wheeler ; directed by Lasse Hallström.
260 ## - PUBLICATION, DISTRIBUTION, ETC. (IMPRINT)
Place of publication, distribution, etc Burbank, CA :
Name of publisher, distributor, etc Miramax Home Entertainment :
-- Distributed by Buena Vista Home Entertainment,
Date of publication, distribution, etc [2007]
300 ## - PHYSICAL DESCRIPTION
Extent 1 videodisc (115 min.) :
Other physical details sd., col. ;
Dimensions 4 3/4 in.
538 ## - SYSTEM DETAILS NOTE
System details note DVD ; Region 1 ; widescreen (1.85:1, enhanced) presentation ; Dolby Digital 5.1 surround.
546 ## - LANGUAGE NOTE
Language note In English or dubbed French, with French or Spanish subtitles.
546 ## - LANGUAGE NOTE
Language note Closed-captioned..
511 1# - PARTICIPANT OR PERFORMER NOTE
Participant or performer note Richard Gere, Alfred Molina, Marcia Gay Harden, Hope Davis, Julie Delpy, Stanley Tucci.
508 ## - CREATION/PRODUCTION CREDITS NOTE
Creation/production credits note Director of photography, Oliver Stapleton ; editor, Andrew Mondshein ; music, Carter Burwell ; costume designer, David Robinson ; production designer, Mark Ricker.
500 ## - GENERAL NOTE
General note Based upon the book by Clifford Irving.
500 ## - GENERAL NOTE
General note DVD release of the 2006 motion picture.
521 8# - TARGET AUDIENCE NOTE
Target audience note MPAA rating: R; for language.
520 ## - SUMMARY, ETC.
Summary, etc Pathological liar Clifford Irving stages a complex hoax. In the 1970's Irving managed to fool a major publisher and LIFE magazine into thinking he was writing an authorized biography of Howard Hughes. Irving and his best friend and partner, Dick Susskind, go to extreme lengths to pull off the hair-brained scheme. The more outrageous the lies they concoct, the more believable they become and the more money gets thrown at them. Inspired by the unbelievable true story of the man who faked the authorized autobiography of Howard Hughes and nearly pulled off the media scam of the 20th century.
500 ## - GENERAL NOTE
General note Special features: "Stranger than fiction;" deleted scenes with commentary by director Lasse Hallström and writer William Wheeler; extended scene "Business as pleasure;" feature commentary with producers Leslie Holleran and Joshua D. maurer; "Mike Wallace: reflections on a con."
600 10 - SUBJECT ADDED ENTRY--PERSONAL NAME
Personal name Irving, Clifford
Form subdivision Drama.
9 (RLIN) 5839447
650 #0 - SUBJECT ADDED ENTRY--TOPICAL TERM
Topical term or geographic name as entry element Biographers
Geographic subdivision United States
Form subdivision Drama.
9 (RLIN) 5839448
600 10 - SUBJECT ADDED ENTRY--PERSONAL NAME
Personal name Hughes, Howard,
Dates associated with a name 1905-1976
Form subdivision Drama.
9 (RLIN) 5839449
650 #0 - SUBJECT ADDED ENTRY--TOPICAL TERM
Topical term or geographic name as entry element Scandals
Geographic subdivision United States
Form subdivision Drama.
9 (RLIN) 5766095
650 #0 - SUBJECT ADDED ENTRY--TOPICAL TERM
Topical term or geographic name as entry element Mass media
Geographic subdivision United States
Form subdivision Drama.
9 (RLIN) 5839450
650 #7 - SUBJECT ADDED ENTRY--TOPICAL TERM
Topical term or geographic name as entry element Biografías
Chronological subdivision Siglo XX
Form subdivision Teatro.
Source of heading or term bidex
9 (RLIN) 5839451
650 #7 - SUBJECT ADDED ENTRY--TOPICAL TERM
Topical term or geographic name as entry element Corrupción
Geographic subdivision Estados Unidos
Form subdivision Teatro.
Source of heading or term bidex
9 (RLIN) 5839452
600 18 - SUBJECT ADDED ENTRY--PERSONAL NAME
Personal name Irving, Clifford
Form subdivision Drama.
9 (RLIN) 5839447
650 #8 - SUBJECT ADDED ENTRY--TOPICAL TERM
Topical term or geographic name as entry element Biographers
Geographic subdivision United States
Form subdivision Drama.
9 (RLIN) 5839448
600 18 - SUBJECT ADDED ENTRY--PERSONAL NAME
Personal name Hughes, Howard,
Dates associated with a name 1905-1976
Form subdivision Drama.
9 (RLIN) 5839449
650 #8 - SUBJECT ADDED ENTRY--TOPICAL TERM
Topical term or geographic name as entry element Scandals
Geographic subdivision United States
Form subdivision Drama.
9 (RLIN) 5766095
650 #8 - SUBJECT ADDED ENTRY--TOPICAL TERM
Topical term or geographic name as entry element Mass media
Geographic subdivision United States
Form subdivision Drama.
9 (RLIN) 5839450
655 #0 - INDEX TERM--GENRE/FORM
Genre/form data or focus term Feature films.
9 (RLIN) 5839453
655 #0 - INDEX TERM--GENRE/FORM
Genre/form data or focus term Comedy films.
9 (RLIN) 102658
655 #0 - INDEX TERM--GENRE/FORM
Genre/form data or focus term Melodrama.
9 (RLIN) 5839454
655 #0 - INDEX TERM--GENRE/FORM
Genre/form data or focus term Video recordings for the hearing impaired.
9 (RLIN) 5839455
655 #7 - INDEX TERM--GENRE/FORM
Genre/form data or focus term Comedy
Form subdivision Feature.
Source of term migfg
9 (RLIN) 5696136
655 #7 - INDEX TERM--GENRE/FORM
Genre/form data or focus term Melodrama
Form subdivision Feature.
Source of term migfg
9 (RLIN) 5675363
655 #7 - INDEX TERM--GENRE/FORM
Genre/form data or focus term Feature films.
Source of term gsafd
9 (RLIN) 5839453
655 #7 - INDEX TERM--GENRE/FORM
Genre/form data or focus term Comedy films.
Source of term gsafd
9 (RLIN) 102658
655 #7 - INDEX TERM--GENRE/FORM
Genre/form data or focus term Melodrama.
Source of term gsafd
9 (RLIN) 5839454
700 1# - ADDED ENTRY--PERSONAL NAME
Personal name Gordon, Mark,
Dates associated with a name 1956-
9 (RLIN) 67359
700 1# - ADDED ENTRY--PERSONAL NAME
Personal name Holleran, Leslie.
9 (RLIN) 67201
700 1# - ADDED ENTRY--PERSONAL NAME
Personal name Maurer, Joshua D.
9 (RLIN) 5839456
700 1# - ADDED ENTRY--PERSONAL NAME
Personal name Beers, Betsy.
9 (RLIN) 72999
700 1# - ADDED ENTRY--PERSONAL NAME
Personal name Yari, Bob.
9 (RLIN) 5839457
700 1# - ADDED ENTRY--PERSONAL NAME
Personal name Wheeler, William.
9 (RLIN) 46753
700 1# - ADDED ENTRY--PERSONAL NAME
Personal name Hallström, Lasse.
9 (RLIN) 60988
700 1# - ADDED ENTRY--PERSONAL NAME
Personal name Gere, Richard,
Dates associated with a name 1949-
9 (RLIN) 26703
700 1# - ADDED ENTRY--PERSONAL NAME
Personal name Molina, Alfred,
Dates associated with a name 1953-
9 (RLIN) 38362
700 1# - ADDED ENTRY--PERSONAL NAME
Personal name Harden, Marcia Gay.
9 (RLIN) 62258
700 1# - ADDED ENTRY--PERSONAL NAME
Personal name Davis, Hope,
Dates associated with a name 1967-
9 (RLIN) 58973
700 1# - ADDED ENTRY--PERSONAL NAME
Personal name Delpy, Julie,
Dates associated with a name 1969-
9 (RLIN) 58501
700 1# - ADDED ENTRY--PERSONAL NAME
Personal name Tucci, Stanley.
9 (RLIN) 61854
700 1# - ADDED ENTRY--PERSONAL NAME
Personal name Burwell, Carter.
9 (RLIN) 40520
700 1# - ADDED ENTRY--PERSONAL NAME
Personal name Irving, Clifford.
Title of a work Clifford Irving, what really happened.
9 (RLIN) 14905
710 2# - ADDED ENTRY--CORPORATE NAME
Corporate name or jurisdiction name as entry element Miramax Films.
9 (RLIN) 60905
710 2# - ADDED ENTRY--CORPORATE NAME
Corporate name or jurisdiction name as entry element Bob Yari Productions.
9 (RLIN) 72129
710 2# - ADDED ENTRY--CORPORATE NAME
Corporate name or jurisdiction name as entry element Mark Gordon Company.
9 (RLIN) 56470
710 2# - ADDED ENTRY--CORPORATE NAME
Corporate name or jurisdiction name as entry element City Entertainment (Firm)
9 (RLIN) 5839458
710 2# - ADDED ENTRY--CORPORATE NAME
Corporate name or jurisdiction name as entry element Miramax Home Entertainment (Firm)
9 (RLIN) 76097
710 2# - ADDED ENTRY--CORPORATE NAME
Corporate name or jurisdiction name as entry element Buena Vista Home Entertainment (Firm)
9 (RLIN) 64615
942 ## - ADDED ENTRY ELEMENTS (KOHA)
Koha item type DVD
948 ## - LOCAL PROCESSING INFORMATION (OCLC); SERIES PART DESIGNATOR (RLIN)
Series part designator, SPT (RLIN) 10/29/2007
z (OCLC) Sirsi
994 ## -
-- 02
-- WACOL
996 ## -
-- 58311
-- 34301000610537
-- DVD
-- DVD
-- wcl
-- i
-- 114
-- 19.95
-- Amazon.com
-- Hoa
-- 11/05/2007
-- 03/27/2019
-- 03/22/2019
Holdings
Withdrawn status Lost status Source of classification or shelving scheme Damaged status Not for loan Collection code Home library Current library Shelving location Date acquired Source of acquisition Cost, normal purchase price Total Checkouts Total Renewals Full call number Barcode Date last seen Date checked out Cost, replacement price Price effective from Koha item type
    Dewey Decimal Classification     Movies Wasatch County Library Wasatch County Library Audio Visual Area 11/05/2007 Amazon 19.95 115 2 DVD Hoa 34301000610537 03/07/2024 06/01/2022 19.95 03/20/2020 DVD
This project was made possible through a grant from the Institute of Museum and Library Service administered by the Utah State Library Division.

Wasatch County Library

  • 465 East 1200 South, Heber City, Utah 84032
  • Phone 435-654-1511 | Fax 435-654-6456

Hours

  • Monday - Friday 9:30 AM - 8:00 PM
  • Saturday 9:30 AM - 1:30 PM
  • Closed Sundays and Holidays